All "Taylor Swift (Debut)" Songs - Taylor Swift - Statistics

General Stats
  • This quiz has been taken 807 times
  • The average score is 11 of 14
Answer Stats
Hint Answer % Correct
1 Tim McGraw
97%
11 Our Song
94%
2 Picture To Burn
94%
3 Teardrops On My Guitar
87%
10 Mary's Song (Oh My My My)
85%
5 Cold As You
80%
9 Should've Said No
80%
6 The Outside
77%
13 Invisible
72%
7 Tied Together with a Smile
69%
14 A Perfectly Good Heart
67%
4 A Place in this World
67%
8 Stay Beautiful
66%
12 I'm Only Me When I'm With You
64%
No matching quizzes found
Score Distribution
Percent of People with Each Score
Percentile by Number Answered
Your Score History
You have not taken this quiz